[Event "Politiken Cup 31st"]
[Site "Helsingor"]
[Date "2009.07.20"]
[Round "4"]
[White "Sinkbaek, Aage"]
[Black "Munk, Poul N"]
[Result "1/2-1/2"]
[WhiteElo "2186"]
[BlackElo "1996"]
[PlyCount "67"]
[EventDate "2009.07.18"]
[EventType "swiss"]
[EventRounds "10"]
[EventCountry "DEN"]
[SourceTitle "CBM 131 Extra"]
[Source "ChessBase"]
[SourceDate "2009.09.03"]
[SourceVersion "2"]
[SourceVersionDate "2009.09.16"]
[SourceQuality "1"]

1. Nf3 Nf6 2. g3 g6 3. Bg2 Bg7 4. 0-0 0-0 5. c4 c5 6. Nc3 Nc6 7. d4 cxd4 8. Nxd4 Nxd4 9. Qxd4 d6 10. Qd3 Rb8 11. b3 Qa5 12. Bd2 Qh5 13. Rad1 Bh3 14. f3 Bxg2 15. Kxg2 Qc5 16. Be3 Qa5 17. Bd4 Nd7 18. Bxg7 Kxg7 19. Qd2 Rfe8 20. Nd5 Qxd2 21. Rxd2 Rbc8 22. e4 Kf8 23. Rfd1 Rc5 24. Ne3 Nf6 25. h3 h5 26. Nd5 Nxd5 27. Rxd5 Rec8 28. h4 Rxd5 29. Rxd5 Rc6 30. Kf2 e6 31. Rd2 Ke7 32. Ke3 Rc5 33. f4 b6 34. a3 1/2-1/2

[Event "Politiken Cup 31st"]
[Site "Helsingor"]
[Date "2009.07.19"]
[Round "2"]
[White "Sinkbaek, Aage"]
[Black "Caceres, Cipriano Sande"]
[Result "1-0"]
[WhiteElo "2186"]
[BlackElo "1766"]
[PlyCount "131"]
[EventDate "2009.07.18"]
[EventType "swiss"]
[EventRounds "10"]
[EventCountry "DEN"]
[SourceTitle "CBM 131 Extra"]
[Source "ChessBase"]
[SourceDate "2009.09.03"]
[SourceVersion "2"]
[SourceVersionDate "2009.09.16"]
[SourceQuality "1"]

1. Nf3 Nf6 2. g3 g6 3. Bg2 Bg7 4. 0-0 d5 5. c4 c6 6. cxd5 cxd5 7. d4 0-0 8. Nc3 Bd7 9. Ne5 Be8 10. Qb3 Bc6 11. Nxc6 Nxc6 12. Qxb7 Nxd4 13. e3 Ne6 14. Nxd5 Nxd5 15. Qxd5 Qxd5 16. Bxd5 Rab8 17. Rb1 Nc7 18. Bc4 Rfd8 19. b3 Ne8 20. Ba3 Nd6 21. Bd3 a5 22. Rfd1 Kf8 23. Rbc1 Rdc8 24. Ba6 Rxc1 25. Rxc1 Rb6 26. Bd3 f5 27. Rc7 Bf6 28. Bc5 Rb8 29. Ra7 Bc3 30. Bxd6 exd6 31. Rxh7 Bg7 32. Rh4 d5 33. Ra4 Bc3 34. g4 d4 35. exd4 Re8 36. gxf5 g5 37. Rc4 Bd2 38. d5 Rd8 39. Be4 Bf4 40. h3 Ke7 41. Rc6 Bd6 42. Ra6 Kf6 43. Rxa5 Ke5 44. Bf3 Kxf5 45. Kg2 Rb8 46. Ra7 Ke5 47. Ra4 Kf6 48. Re4 Be5 49. Ra4 Bd6 50. Be2 Ke5 51. Bc4 Kd4 52. Ra6 Rd8 53. a4 Bb4 54. a5 Bd2 55. Ra7 Kc5 56. a6 Ba5 57. Rg7 Bd2 58. Rg6 Rf8 59. a7 Ra8 60. Rc6+ Kd4 61. Ra6 Kc5 62. d6 Bf4 63. d7 Bc7 64. Be2 Bd8 65. Bf3 Kb5 66. Ra4 1-0

[Event "Politiken Cup 31st"]
[Site "Helsingor"]
[Date "2009.07.18"]
[Round "1"]
[White "Frisvold, Ole Emil"]
[Black "Sinkbaek, Aage"]
[Result "1/2-1/2"]
[WhiteElo "1827"]
[BlackElo "2186"]
[PlyCount "58"]
[EventDate "2009.07.18"]
[EventType "swiss"]
[EventRounds "10"]
[EventCountry "DEN"]
[SourceTitle "CBM 131 Extra"]
[Source "ChessBase"]
[SourceDate "2009.09.03"]
[SourceVersion "2"]
[SourceVersionDate "2009.09.16"]
[SourceQuality "1"]

1. d4 Nf6 2. c4 g6 3. Nc3 Bg7 4. e4 d6 5. Nf3 0-0 6. Be2 e5 7. d5 Nbd7 8. Bg5 h6 9. Bh4 g5 10. Bg3 Nh5 11. Qd2 Nf4 12. Bxf4 exf4 13. h4 Ne5 14. hxg5 hxg5 15. 0-0-0 Nxf3 16. gxf3 a6 17. Rdg1 Be5 18. Rh5 f6 19. Qe1 Qe7 20. Rgh1 Qg7 21. R1h2 Rf7 22. Qh1 f5 23. Qg1 g4 24. fxg4 Bxc3 25. bxc3 Qxc3+ 26. Kb1 Qb4+ 27. Ka1 Qc3+ 28. Kb1 Qb4+ 29. Ka1 Qc3+ 1/2-1/2

[Event "Politiken Cup 21st"]
[Site "Copenhagen"]
[Date "1999.07.12"]
[Round "9"]
[White "Adamski, Jan"]
[Black "Sinkbaek, Aage"]
[Result "1-0"]
[WhiteElo "2418"]
[BlackElo "2232"]
[PlyCount "84"]
[EventDate "1999.07.04"]
[EventType "swiss"]
[EventRounds "11"]
[EventCountry "DEN"]
[SourceTitle "CBM 071 Extra"]
[Source "ChessBase"]
[SourceDate "1999.09.14"]
[SourceVersion "1"]
[SourceVersionDate "1999.09.14"]
[SourceQuality "1"]

1. d4 Nf6 2. Nf3 g6 3. c4 Bg7 4. Nc3 0-0 5. e4 d6 6. Be2 e5 7. 0-0 Nbd7 8. Qc2 c6 9. Be3 Ng4 10. Bg5 Bf6 11. Bxf6 Ngxf6 12. Rad1 Qe7 13. Rfe1 Kg7 14. Bf1 Re8 15. Qd2 Nf8 16. h3 Nh5 17. g3 Qf6 18. Re3 h6 19. b4 b6 20. b5 Bb7 21. bxc6 Bxc6 22. Nd5 Bxd5 23. cxd5 exd4 24. Nxd4 a6 25. Be2 Nd7 26. Bxh5 gxh5 27. Rf3 Qg6 28. Nf5+ Kh7 29. Rf4 Ne5 30. Qe2 b5 31. Rh4 Rac8 32. Qxh5 Rc2 33. Qxh6+ Qxh6 34. Rxh6+ Kg8 35. Nxd6 Ra8 36. a3 Ra2 37. Rh5 Nc4 38. Nxc4 bxc4 39. Rc1 Rc8 40. d6 Rxa3 41. Rxc4 Rd8 42. Rd5 a5 1-0

[Event "Politiken Cup 21st"]
[Site "Copenhagen"]
[Date "1999.07.08"]
[Round "6"]
[White "Sinkbaek, Aage"]
[Black "Ori, Marco"]
[Result "1/2-1/2"]
[WhiteElo "2232"]
[BlackElo "2068"]
[PlyCount "182"]
[EventDate "1999.07.04"]
[EventType "swiss"]
[EventRounds "11"]
[EventCountry "DEN"]
[SourceTitle "CBM 071 Extra"]
[Source "ChessBase"]
[SourceDate "1999.09.14"]
[SourceVersion "1"]
[SourceVersionDate "1999.09.14"]
[SourceQuality "1"]

1. Nf3 d5 2. g3 Nf6 3. Bg2 c6 4. 0-0 Bf5 5. d3 e6 6. b3 h6 7. Bb2 Nbd7 8. Nbd2 Be7 9. e4 dxe4 10. dxe4 Bh7 11. Qe2 0-0 12. Rad1 Qc7 13. Ne1 a5 14. e5 Nd5 15. c4 Nb4 16. a3 Na6 17. Be4 Bxe4 18. Qxe4 Ndc5 19. Qc2 Rfd8 20. Nef3 Rd3 21. Bc3 Rad8 22. Ne1 R3d7 23. b4 axb4 24. axb4 Nd3 25. Nxd3 Rxd3 26. Rb1 Bxb4 27. Rxb4 Nxb4 28. Bxb4 Qxe5 29. Nb3 Qe4 30. Qb1 Qf3 31. Nd2 Qg4 32. Qc1 Qd4 33. Qb1 c5 34. Ba5 Ra8 35. Qxb7 Rxa5 36. Nb3 Qc3 37. Qb8+ Kh7 38. Nxa5 Qxa5 39. Qb7 Kg8 40. Rb1 Rd4 41. Qb5 Qa2 42. Re1 Qxc4 43. Qe8+ Kh7 44. Qxf7 Re4 45. Rd1 Qc2 46. Rd8 Re1+ 47. Kg2 Qe4+ 48. Kh3 Qf5+ 49. Qxf5+ exf5 50. Rd5 c4 51. Rxf5 c3 52. Rc5 Rc1 53. Rc6 Rc2 54. Kg2 Rc1 55. Kf3 c2 56. h4 Kg8 57. Ke2 Kf7 58. Rc3 Kg6 59. Rc5 Kf6 60. Rc4 Kg6 61. Rc3 Kh5 62. Rc6 Kg4 63. Rc4+ Kh5 64. Kf3 Kg6 65. Rc5 Kf6 66. Rc8 Ke7 67. Ke2 Kf7 68. Rc6 Ke7 69. Rc3 Ke6 70. Kd3 Kd5 71. Rxc2 Rxc2 72. Kxc2 Ke4 73. Kd2 Kf3 74. Ke1 g5 75. hxg5 hxg5 76. Kf1 Ke4 77. Ke2 g4 78. Ke1 Ke5 79. Kd1 Kd5 80. Ke1 Ke5 81. Kf1 Kf5 82. Kg2 Ke4 83. Kg1 Ke5 84. Kf1 Kf5 85. Ke2 Ke4 86. f4 gxf3+ 87. Kf2 Ke5 88. Kxf3 Kf5 89. g4+ Kg5 90. Kg3 Kg6 91. Kf4 Kf6 1/2-1/2

[Event "Politiken Cup 21st"]
[Site "Copenhagen"]
[Date "1999.07.07"]
[Round "5"]
[White "Hoff, Terje"]
[Black "Sinkbaek, Aage"]
[Result "0-1"]
[WhiteElo "2040"]
[BlackElo "2232"]
[PlyCount "108"]
[EventDate "1999.07.04"]
[EventType "swiss"]
[EventRounds "11"]
[EventCountry "DEN"]
[SourceTitle "CBM 071 Extra"]
[Source "ChessBase"]
[SourceDate "1999.09.14"]
[SourceVersion "1"]
[SourceVersionDate "1999.09.14"]
[SourceQuality "1"]

1. d4 Nf6 2. c4 g6 3. Nc3 Bg7 4. e4 d6 5. Bg5 0-0 6. f4 c6 7. Be2 Qc7 8. Nf3 Bg4 9. 0-0 Bxf3 10. Bxf3 e5 11. fxe5 dxe5 12. d5 Nbd7 13. Qd2 cxd5 14. cxd5 Qd6 15. Kh1 a6 16. Rf2 Rac8 17. Raf1 Rc4 18. Qe3 b5 19. Be2 Rc7 20. a3 Ne8 21. Bxb5 Rxc3 22. Qxc3 axb5 23. Qc6 f6 24. Bd2 Qxc6 25. dxc6 Nb6 26. Ba5 Nc4 27. Bb4 Rf7 28. Rd1 Bf8 29. Rd8 Bxb4 30. axb4 Kf8 31. b3 Ra7 32. h3 Ncd6 33. Rd7 Ra1+ 34. Kh2 Rc1 35. Ra2 Rxc6 36. Raa7 Nxe4 37. Rxh7 Kg8 38. Rhe7 N4d6 39. Ra8 Kf8 40. Rh7 Nf7 41. Rb8 Kg8 42. Rh4 Nfd6 43. Rg4 Kf7 44. Ra8 f5 45. Rg3 e4 46. Re3 f4 47. Re2 Nf6 48. Ra7+ Ke6 49. Rg7 Kf5 50. Rf2 e3 51. g4+ Nxg4+ 52. hxg4+ Kf6 53. Rxg6+ Kxg6 54. Rxf4 e2 0-1

[Event "Politiken Cup 17th"]
[Site "Copenhagen"]
[Date "1995.??.??"]
[Round "6"]
[White "Sinkbaek, Aage"]
[Black "Guindy, Esmat Susanne"]
[Result "1/2-1/2"]
[WhiteElo "2220"]
[BlackElo "2045"]
[PlyCount "71"]
[EventDate "1995.06.??"]
[EventType "swiss"]
[EventRounds "10"]
[EventCountry "DEN"]
[SourceTitle "CBM 047 Extra"]
[Source "ChessBase"]
[SourceDate "1995.09.01"]
[SourceVersion "1"]
[SourceVersionDate "1995.09.01"]
[SourceQuality "1"]

1. Nf3 d5 2. g3 c5 3. Bg2 Nf6 4. 0-0 Nc6 5. d3 e6 6. Nbd2 Be7 7. e4 Qc7 8. c3 b6 9. exd5 exd5 10. Nb3 0-0 11. Bf4 Bd6 12. Bxd6 Qxd6 13. d4 c4 14. Nbd2 Re8 15. Ne5 Bb7 16. Re1 b5 17. Ndf3 Nd7 18. Nxd7 Qxd7 19. Ne5 Qd6 20. Nxc6 Bxc6 21. Qd2 a5 22. Rxe8+ Rxe8 23. Re1 b4 24. Rxe8+ Bxe8 25. Qe1 Kf8 26. f4 f6 27. h4 Bc6 28. Kf2 Qe7 29. Qxe7+ Kxe7 30. Ke3 Kd6 31. f5 h6 32. Kf4 Be8 33. g4 Bf7 34. Bf3 Kc6 35. Bd1 Kb5 36. h5 1/2-1/2

[Event "Politiken Cup 17th"]
[Site "Copenhagen"]
[Date "1995.??.??"]
[Round "9"]
[White "Sinkbaek, Aage"]
[Black "Ronneland, Daniel"]
[Result "1-0"]
[WhiteElo "2220"]
[BlackElo "2135"]
[PlyCount "91"]
[EventDate "1995.06.??"]
[EventType "swiss"]
[EventRounds "10"]
[EventCountry "DEN"]
[SourceTitle "CBM 047 Extra"]
[Source "ChessBase"]
[SourceDate "1995.09.01"]
[SourceVersion "1"]
[SourceVersionDate "1995.09.01"]
[SourceQuality "1"]

1. Nf3 d5 2. g3 c6 3. Bg2 Nf6 4. 0-0 Bg4 5. b3 e6 6. Bb2 Nbd7 7. d4 Ne4 8. Nfd2 Nd6 9. c4 f5 10. Qc2 Be7 11. f3 Bh5 12. e4 0-0 13. e5 Nf7 14. f4 g5 15. Ba3 gxf4 16. Bxe7 Qxe7 17. Rxf4 Ng5 18. Nc3 a6 19. Raf1 Ne4 20. Ndxe4 fxe4 21. c5 Rxf4 22. Rxf4 Rf8 23. Qf2 Qg5 24. Bh3 Bf3 25. Bxe6+ Kg7 26. Qe3 Nxe5 27. dxe5 Qxe5 28. Rxf8 Kxf8 29. Qf4+ Qxf4 30. gxf4 d4 31. Nxe4 Bxe4 32. Bc8 a5 33. Bxb7 Ke7 34. Bc8 Bb1 35. a3 Bc2 36. Kf2 Bxb3 37. Bf5 h6 38. Ke2 Bc4+ 39. Kd2 Kf6 40. Be4 Bb5 41. Kc2 Ke6 42. Kd2 Kd7 43. Bd3 Ke6 44. f5+ Kd5 45. Bxb5 Kxc5 46. f6 1-0

[Event "Politiken Cup 16th"]
[Site "Copenhagen"]
[Date "1994.??.??"]
[Round "7"]
[White "Andersen, Martin"]
[Black "Sinkbaek, Aage"]
[Result "1/2-1/2"]
[WhiteElo "2030"]
[BlackElo "2220"]
[PlyCount "126"]
[EventDate "1994.06.??"]
[EventType "swiss"]
[EventRounds "10"]
[EventCountry "DEN"]
[SourceTitle "EXT 1999"]
[Source "ChessBase"]
[SourceDate "1998.11.16"]
[SourceVersion "1"]
[SourceVersionDate "1998.11.16"]
[SourceQuality "1"]

1. e4 d5 2. exd5 Qxd5 3. Nc3 Qa5 4. d4 Nf6 5. Nf3 Bf5 6. Bc4 c6 7. Ne5 e6 8. 0-0 Bb4 9. Ne2 Nbd7 10. Nxd7 Nxd7 11. Ng3 Bg6 12. Bf4 Nf6 13. Be5 Be7 14. c3 0-0 15. Qf3 Nd7 16. Bf4 e5 17. Be3 exd4 18. cxd4 Nb6 19. Bb3 Rad8 20. Rad1 Nd5 21. Bd2 Qc7 22. Rfe1 Bf6 23. Bc3 Qd7 24. Ne4 Bxe4 25. Rxe4 Rfe8 26. Bxd5 Qxd5 27. Rxe8+ Rxe8 28. Qxd5 cxd5 29. Kf1 h6 30. Re1 Re6 31. f4 g6 32. Kf2 Rxe1 33. Kxe1 Be7 34. a4 Kg7 35. Ke2 Kf6 36. Kf3 Ke6 37. Bd2 f5 38. Ke2 Bd6 39. Kf3 Kf6 40. Bc3 g5 41. fxg5+ hxg5 42. h3 Kg6 43. Bd2 Bc7 44. Bb4 Bf4 45. Bc5 b6 46. Bb4 Bc1 47. Bc3 a6 48. b3 Kh5 49. Be1 g4+ 50. hxg4+ fxg4+ 51. Ke2 Kg5 52. Kd3 Kf4 53. Bf2 Ba3 54. Bh4 Bb4 55. Bf2 Bd6 56. Be1 b5 57. axb5 axb5 58. Bh4 Ba3 59. Be1 Bb2 60. Bf2 Bc1 61. Be1 Ba3 62. Bh4 Bb4 63. Bf2 Be7 1/2-1/2

[Event "Politiken Cup 16th"]
[Site "Copenhagen"]
[Date "1994.??.??"]
[Round "9"]
[White "Nilsson, Nils Specht"]
[Black "Sinkbaek, Aage"]
[Result "1/2-1/2"]
[WhiteElo "2260"]
[BlackElo "2220"]
[PlyCount "97"]
[EventDate "1994.06.??"]
[EventType "swiss"]
[EventRounds "10"]
[EventCountry "DEN"]
[SourceTitle "EXT 1999"]
[Source "ChessBase"]
[SourceDate "1998.11.16"]
[SourceVersion "1"]
[SourceVersionDate "1998.11.16"]
[SourceQuality "1"]

1. e4 d5 2. exd5 Qxd5 3. d4 Nf6 4. c4 Qd8 5. Nc3 e6 6. Be3 Be7 7. Be2 c5 8. dxc5 Qxd1+ 9. Rxd1 Na6 10. c6 bxc6 11. Bf3 Bb7 12. Nge2 0-0 13. a3 Rfb8 14. b4 c5 15. Bxb7 Rxb7 16. b5 Nb8 17. 0-0 Nbd7 18. Na4 Nb6 19. Nxc5 Rc7 20. Nb3 Nxc4 21. a4 Nxe3 22. fxe3 Nd5 23. Rc1 Bg5 24. Nf4 Rac8 25. Rxc7 Rxc7 26. h4 Bxh4 27. Nxd5 exd5 28. Rd1 Rc3 29. Rc1 Rxc1+ 30. Nxc1 Kf8 31. a5 Bd8 32. b6 Bxb6 33. axb6 axb6 34. Kf2 Ke7 35. Nb3 Kd6 36. Ke2 Ke5 37. Nd4 f5 38. Kd3 f4 39. exf4+ Kxf4 40. Ne6+ Kg3 41. Kd4 Kxg2 42. Kxd5 g6 43. Nf8 h5 44. Nxg6 Kf3 45. Kc6 Kg4 46. Kxb6 Kg5 47. Ne5 Kf5 48. Nf3 Kg4 49. Ne5+ 1/2-1/2

[Event "Politiken Cup 16th"]
[Site "Copenhagen"]
[Date "1994.??.??"]
[Round "8"]
[White "Sinkbaek, Aage"]
[Black "Hedman, Erik"]
[Result "1-0"]
[WhiteElo "2220"]
[BlackElo "2285"]
[PlyCount "85"]
[EventDate "1994.06.??"]
[EventType "swiss"]
[EventRounds "10"]
[EventCountry "DEN"]
[SourceTitle "EXT 1999"]
[Source "ChessBase"]
[SourceDate "1998.11.16"]
[SourceVersion "1"]
[SourceVersionDate "1998.11.16"]
[SourceQuality "1"]

1. d4 Nf6 2. c4 e6 3. Nf3 b6 4. g3 Bb4+ 5. Bd2 Be7 6. Nc3 Ba6 7. e4 0-0 8. e5 Ne8 9. Qc2 f5 10. exf6 Nxf6 11. Ne4 Nc6 12. Bd3 Nxe4 13. Bxe4 Rxf3 14. Bxf3 Nxd4 15. Qe4 Nxf3+ 16. Qxf3 Bxc4 17. Bc3 Qf8 18. Qxf8+ Rxf8 19. Bd4 Rf3 20. Be3 d5 21. b3 Ba6 22. 0-0-0 c6 23. Rd4 Bb5 24. a4 Ba6 25. Rf4 Rxf4 26. Bxf4 Bc5 27. Be3 Ba3+ 28. Kc2 e5 29. a5 d4 30. axb6 dxe3 31. fxe3 axb6 32. Ra1 Bc5 33. Rxa6 Bxe3 34. Kd3 Bg1 35. h3 Kf7 36. Ke4 Kf6 37. Ra7 h5 38. Rc7 Bf2 39. Rxc6+ Kg5 40. h4+ Kg4 41. Rg6+ Kh3 42. Kf3 Bd4 43. Rg5 1-0

[Event "Politiken Cup 16th"]
[Site "Copenhagen"]
[Date "1994.??.??"]
[Round "4"]
[White "Sinkbaek, Aage"]
[Black "Petersen, Steen"]
[Result "1/2-1/2"]
[WhiteElo "2220"]
[BlackElo "2085"]
[PlyCount "55"]
[EventDate "1994.06.??"]
[EventType "swiss"]
[EventRounds "10"]
[EventCountry "DEN"]
[SourceTitle "EXT 1999"]
[Source "ChessBase"]
[SourceDate "1998.11.16"]
[SourceVersion "1"]
[SourceVersionDate "1998.11.16"]
[SourceQuality "1"]

1. d4 d5 2. Nf3 c6 3. g3 Nf6 4. Bg2 e6 5. 0-0 Be7 6. b3 0-0 7. Bb2 b6 8. Nbd2 Bb7 9. c4 Nbd7 10. Qc2 Rc8 11. Ne5 c5 12. Nxd7 Qxd7 13. Qd3 dxc4 14. Nxc4 Bxg2 15. Kxg2 Rfd8 16. Rfd1 cxd4 17. Bxd4 Bc5 18. Bxc5 Qxd3 19. Rxd3 Rxd3 20. exd3 Rxc5 21. Rd1 Nd5 22. Rd2 Kf8 23. d4 Rc7 24. Ne3 Nxe3+ 25. fxe3 Ke7 26. Kf3 Kd6 27. Ke4 Rc1 28. Kd3 1/2-1/2

[Event "Gladsaxe"]
[Site "Gladsaxe"]
[Date "1993.??.??"]
[Round "5"]
[White "Sinkbaek, Aage"]
[Black "Marcussen, Anders"]
[Result "1-0"]
[WhiteElo "2170"]
[BlackElo "2110"]
[PlyCount "119"]
[EventDate "1993.??.??"]
[EventType "swiss"]
[EventRounds "9"]
[EventCountry "DEN"]
[SourceTitle "EXT 2000"]
[Source "ChessBase"]
[SourceDate "1999.11.16"]
[SourceVersion "1"]
[SourceVersionDate "1999.11.16"]
[SourceQuality "1"]

1. Nf3 Nf6 2. g3 g6 3. Bg2 Bg7 4. 0-0 0-0 5. c4 c6 6. d4 d5 7. cxd5 cxd5 8. Nc3 Ne4 9. e3 Nxc3 10. bxc3 Nd7 11. Qb3 Nb6 12. Nd2 Be6 13. Ba3 Qd7 14. Rab1 Rac8 15. Bc5 Na4 16. Bxe7 Rxc3 17. Qxb7 Rc7 18. Qb4 Nc3 19. Bxf8 Bxf8 20. Qb2 Bf5 21. Rbc1 Ne2+ 22. Kh1 Nxc1 23. Rxc1 Rb7 24. Nb3 Qb5 25. Bf3 a5 26. Qc3 Ba3 27. Rd1 a4 28. Nc5 Bb4 29. Qc1 Rc7 30. Qb2 Qa5 31. Bxd5 Bxc5 32. dxc5 Qxc5 33. Kg1 Bg4 34. Bf3 Bd7 35. Qf6 Be8 36. Rd8 Rc8 37. Bd5 Rxd8 38. Qxd8 Kf8 39. e4 h5 40. h4 Qb5 41. Qd6+ Kg7 42. Qe5+ Kf8 43. Qd6+ Kg7 44. e5 Qb1+ 45. Kg2 Qf5 46. e6 fxe6 47. Qxe6 Qxe6 48. Bxe6 Kf6 49. Bg8 Bc6+ 50. Kf1 Ke5 51. Ke2 Kd4 52. Kd2 Ke4 53. a3 Kf3 54. Ke1 Ke4 55. Bf7 Kd4 56. Bxg6 Kc3 57. Bxh5 Kb2 58. Kd2 Kxa3 59. Kc3 Ka2 60. Bf7+ 1-0

[Event "Gladsaxe"]
[Site "Gladsaxe"]
[Date "1993.??.??"]
[Round "2"]
[White "Sinkbaek, Aage"]
[Black "Schandorff, Lars"]
[Result "1/2-1/2"]
[WhiteElo "2170"]
[BlackElo "2435"]
[PlyCount "81"]
[EventDate "1993.??.??"]
[EventType "swiss"]
[EventRounds "9"]
[EventCountry "DEN"]
[SourceTitle "EXT 2000"]
[Source "ChessBase"]
[SourceDate "1999.11.16"]
[SourceVersion "1"]
[SourceVersionDate "1999.11.16"]
[SourceQuality "1"]

1. Nf3 d6 2. d4 Nf6 3. g3 g6 4. Bg2 Bg7 5. 0-0 0-0 6. Nc3 Nbd7 7. e4 e5 8. dxe5 dxe5 9. Qe2 c6 10. a4 a5 11. b3 Re8 12. Ba3 Bf8 13. Bxf8 Kxf8 14. Rfd1 Qe7 15. Nd2 Nb6 16. Qe3 Ng4 17. Qf3 Be6 18. h3 Nf6 19. Qe3 Nfd7 20. Nf3 f6 21. Rd2 Qc5 22. Qh6+ Kg8 23. Ne2 Nf8 24. Rad1 Nbd7 25. h4 b5 26. h5 Re7 27. hxg6 hxg6 28. Bh3 Bxh3 29. Qxh3 Nb6 30. Nh4 bxa4 31. bxa4 Rg7 32. Rd8 Rxd8 33. Rxd8 Qe7 34. Rb8 Nxa4 35. Qc8 Qd6 36. Kg2 Nc5 37. Nc3 Ncd7 38. Rb7 Nc5 39. Rb8 Ncd7 40. Rb7 Nc5 41. Rb8 1/2-1/2